[Event "Moscow"]
[Site "Moscow"]
[Date "1981.04.??"]
[Round "8"]
[White "Kasparov, Garry"]
[Black "Petrosian, Tigran V"]
[Result "0-1"]
[WhiteElo "2625"]
[BlackElo "2585"]
[Annotator "Jussupow,A"]
[PlyCount "84"]
[EventDate "1981.04.08"]
[EventType "tourn"]
[EventRounds "13"]
[EventCountry "URS"]
[EventCategory "15"]
[SourceTitle "CBM 026"]
[Source "ChessBase"]
[SourceDate "1992.02.01"]
[SourceVersion "1"]
[SourceVersionDate "1992.02.01"]
[SourceQuality "1"]

1. d4 {Chess players don't often comment their lost games. But G.Kasparov
published this game in his book "Test of Time", and it became a subject for
discussions in NIC magazine. Recently I and M.Dvoretzky found some new ideas.}
Nf6 2. c4 e6 3. Nf3 b6 4. a3 {Kasparov is playing the line invented by
Petrosian!} Bb7 5. Nc3 d5 6. cxd5 Nxd5 7. e3 Be7 8. Bb5+ c6 9. Bd3 Nxc3 10.
bxc3 c5 11. O-O O-O $6 {?! Kasparov; now White can provoke some weaknesses on
king's side.} (11... Nc6 $142 12. Bb2 Rc8 13. Qe2 O-O {-ECO E12/76}) 12. Qc2 (
12. e4 $5 {-ECO E12/76/(476)}) 12... g6 (12... h6 $5 13. e4 Nc6 14. Bb2 Rc8 15.
Qe2 Na5 16. Rad1 cxd4 17. cxd4 $14 {Ribli,Z-Hort,V Euro_cup Bayern-Porz, 1991 
(with different move order)}) 13. e4 Nc6 (13... Qc7 14. Qe2 Rd8 15. h4 $1 Nc6
16. Be3 Bf6 (16... e5 $5 17. d5 Na5 18. h5 c4 19. Bc2 $14 {Cebalo-Toth, Budva
1981 inf.32/593}) 17. e5 Bg7 18. h5 $40 {Polugaevsky-Petrosian, Moscow 1981
-inf.31/586}) 14. Bh6 $1 (14. Be3 $5 {Kasparov}) 14... Re8 15. Rfd1 Qc7 (15...
cxd4 16. cxd4 Nxd4 17. Nxd4 Qxd4 18. Bb5 Qxe4 19. Qxe4 Bxe4 20. Bxe8 Rxe8 21.
Rd7 a5 {+/= Kasparov} 22. Be3 b5 (22... Bc6 23. Ra7 $1 $16 (23. Rc7 Bd5 24.
Bxb6 a4 {/\ Bb3, e5})) 23. Rc1 $16 {/\ Rc7}) 16. Qe2 Red8 17. Qe3 $1 {/\ e5,
h4-h5-> Kasparov} e5 {Here Kasparov spent 58 minutes! Of couse, White's
position is better, but it's not a time for a decisive action yet.} (17... Rd7
18. Bf4 $1 Qd8 19. Bb5 {Kasparov}) 18. d5 (18. Bc4 $6 exd4 19. cxd4 cxd4 20.
Bxf7+ Kxf7 21. Qb3+ Ke8 22. Rac1 (22. e5 Bc5 23. Ng5 Qe7 $17 {Kasparov}) 22...
Qd6 $1 $17 {Kasparov}) 18... Na5 {Now White has a choice between two good
plans: to prevent c5-c4 or to start an aktive play on king's side at once. It
is impossible to solve this problem over the board. Don't waste too much time
here and make a decision!} 19. c4 {It's tempting to move the knight to d4, but
it's stil not easy to defend. The knight was useful to block the queen's side ,
and after his exchange white pawns are more mobile.} (19. Ng5 $5 c4 20. Be2 {
/\ h4-h5|^ Kasparov} Bc8 {/\ f6} 21. Qg3 f6 22. Nf3 $1 {/\ Nh4} (22. Ne6 Bxe6
23. dxe6 Qc6 {/\ Nb3, b5, Nc5; ><e6}) 22... Bf8 23. Bxf8 Rxf8 24. h4 Qg7 25.
Nd2 $1 $36 {White combines the threats on the different sides of the board.})
19... Nb3 (19... f6 $5 20. h4 Ba6 21. Nd2 Bf8 $14 {In some cases Black can
transfer the knight to d6 via b7.}) 20. Ra2 f6 21. h4 Bc8 $6 {Black wanted to
meet 22.h5 with 22...Bg4, but now the communications between his pieces are
dangerously disrupted.} (21... Bf8 $142 22. Bxf8 (22. h5 Bxh6 23. Qxh6 Qg7 $14)
22... Rxf8 23. Rb1 Nd4 24. Nxd4 cxd4 25. Qd2 {/\ Qb4; a4-a5} Ba6 26. a4 Qc5 (
26... Bxc4 $4 27. Rc1 $18) (26... Rfc8 $6 27. Qb4 Bxc4 $2 (27... Rab8 28. d6 $1
$40 Qc5) 28. Rc2 Bxd3 29. Rxc7 Rxc7 30. Qd6 $16) 27. Qb4 Rac8 $1 $132) 22. Rb1
$1 Nd4 23. Nxd4 cxd4 24. Qg3 $16 {/\f4|^>>; /\a4-a5|^<<} Bf8 25. Bd2 $1 Bd6 26.
Rf1 Qg7 {[#]} 27. a4 (27. f4 Bd7 28. fxe5 Bxe5 29. Bf4 Rf8 30. Raf2 Rae8 $13) (
27. Bb4 $1 {Main idea of this move is not to exchange bishops (white could do
it earlier), but to prevent normal development of Black by 27...Bd7. At the
same time White may need the second rank for a rook after f2-f4.} Qe7 28. f4 $1
exf4 (28... Bd7 29. fxe5 (29. f5 $5 Kg7 30. Be2 $40 {/\Bh5}) 29... fxe5 30. Qg5
$5 $36) 29. Bxd6 Qxd6 30. Qxf4 $1 (30. Rxf4 Qe5 $1 (30... Rf8 31. e5 $1 Qxe5
32. Re2 $40) 31. Raf2 Rf8 32. Qf3 Kg7 33. g4 h6 $13) 30... Qxf4 31. Rxf4 $16)
27... a5 28. Rb2 $1 {Kasparov doesn't give a moment of rest to his opponent.
He plays on both sides of the board, and uses the benefits of a better
coordination of his pieces.} Bc5 (28... Rb8 $2 29. Rfb1 Bc5 30. Bxa5 $18) 29.
f4 {[#] Another critical moment of a game.} Bd7 $6 (29... h6 $5 {/\ 30.h5 g5
Petrosian. What a great "profilactikal" move!} 30. Qe1 $5 Ra7 $1 {/\ 31.fe fe
32.Qc1 Kh7} (30... Bd7 31. fxe5 fxe5 32. Qc1 $1 Ba3 (32... Kh7 33. Bxh6 Qxh6
34. Rf7+) 33. Bxh6 Bxb2 34. Qg5 Qh7 35. Rf6 $18) 31. Qb1 {/\ Rb6} Rb7 32. fxe5
(32. Bc1 $5 {/\ 33.fe fe 34.Rbf2}) 32... fxe5 33. Rb5 {/\ 34.Qc1 Kh7 35.Ba5}
Kh7 $1 $13 (33... g5 34. hxg5 hxg5 35. Qe1 Bd7 36. Rb1 $36 {/\ Ba5; Qg3})) 30.
h5 $1 Bxa4 {? Kasparov} (30... gxh5 $5 31. Qh4 $36 Bg4 32. fxe5 fxe5 33. Bg5
Rf8 34. Bf6 $5 (34. Rbf2 {|^ Kasparov} Rxf2 35. Rxf2 Re8 $1 (35... Rf8 36. Bf6
Qh6 37. Bxe5 Qe3 (37... Rxf2 $5 38. Qxf2 Qe3 39. Qxe3 dxe3 40. Kf1 Bd1 41. Bf4
$16) 38. Bf4 $1 Qe1+ 39. Kh2 h6 40. Qg3 Bd6 41. Bxd6 Rxf2 42. c5 $16) 36. Bf6
$140 Qg6 $1 {/\ h6} 37. d6 $6 Bxd6 38. c5 Bxc5 39. Bc4+ Be6 40. Bxe6+ Rxe6 41.
Rf3 d3+ 42. Kf1 d2 $19) 34... Qh6 (34... Qg6 35. Bxe5) 35. Rbf2 Rae8 (35... Qe3
36. Bxe5 Rxf2 37. Rxf2 Rf8 38. Bf4 $1 $16 {-see 34.Rbf2}) 36. d6 $1 Bxd6 37. c5
Bxc5 38. Bc4+ Be6 39. Rf5 $5 (39. Bxe6+ Rxe6 40. Rf3 d3+ 41. Kh2 d2 42. Rg3+
Qg6 $13) 39... Rxf6 (39... Bxc4 40. Rg5+ Qg6 (40... Kf7 41. Bg7+ $18) 41. Qxh5
$18) 40. Rxf6 Qe3+ 41. Kh2 Bxc4 42. R1f3 $40 {42.Qh5->}) 31. h6 Qc7 {[#] A new
example of the problem which is practically impossible to solve during the
game. So we have to guess.} 32. f5 $5 (32. fxe5 $1 {>= Kasparov} fxe5 33. Bg5
Rf8 34. Bf6 Rae8 (34... Rxf6 35. Rxf6 Rf8 36. Rxf8+ Kxf8 37. Rf2+ $1 Kg8 38.
Rf6 Bd6 39. c5 $1 bxc5 (39... Qxc5 40. Rxg6+ $1 hxg6 41. Qxg6+ Kf8 42. Qf6+ $1
Ke8 43. h7 $18 {Kasparov}) 40. Bc4 $18 {Kasparov}) (34... Bd6 35. Rbf2 Rf7 36.
c5 $1 bxc5 (36... Qxc5 37. Bxe5 Rxf2 38. Rxf2 Bxe5 39. Qxe5 Qc1+ 40. Bf1 Qxh6
41. Qxd4 $18 {Kasparov}) 37. Bc4 Raf8 38. Bxe5 $3 (38. Qg5 Be8 $1 {Timman})
38... Bxe5 39. Rxf7 Rxf7 40. d6 Qxd6 $5 {Timman} (40... Bxg3 41. dxc7 $18 {
Kasparov}) 41. Bxf7+ (41. Rxf7 Bxg3) (41. Qxe5 Qxe5 42. Rxf7 Qe8 $1 $19 (42...
Bb5 43. Rf5+ Bxc4 44. Rxe5 $18 d3 45. Rxc5 d2 46. Rc8+ Kf7 47. Rd8 {Timmer,R
NIC 4/1986}) 43. Re7+ (43. Rf6+ Kh8 44. e5 d3 45. Bxd3 Bb3 $19 {Timman}) 43...
Kf8 44. Rxe8+ Kxe8 45. Kf1 Kf8 46. Ke2 Bc2 $19 {Timman}) 41... Kh8 42. Qg5 {
/\ 43.Bd5} Bb5 (42... d3 43. Bc4 Bd4+ 44. Kh1 {/\ 45.e5} d2 45. e5 d1=Q 46.
exd6 $18 {Termeulen}) 43. Rf5 $1 {This move and following analisis - Termeulen,
A (NIC /4 1986)} (43. Rf3 Be2 44. Rf2 $2 {44.Rf5! Kasparov} d3 {Timman}) 43...
d3 (43... Bg3 44. Rd5 Bf4 45. Qxf4 $18) (43... Qd7 44. Be6 Qxe6 45. Rf8+ $18) (
43... Be8 44. Be6 $18) (43... Qf8 44. Bxg6 $18) (43... Bh2+ 44. Kh1 {/\ 45.Rd5}
Bc6 45. Rf6 Qe7 (45... Qc7 46. Rxc6 $18) 46. Rxc6 $1 $18) 44. Rxe5 d2 45. Bb3
d1=Q+ 46. Bxd1 Qxd1+ 47. Kh2 {/\ Qf6} Qh5+ (47... Qf1 48. Rf5 $18) (47... Kg8
48. Qf6 Qd7 49. Re8+ $18) (47... Qd6 48. Qf4 $18 {/\ Re8}) 48. Qxh5 gxh5 49.
Rxc5 Bd7 50. Rd5 $18) 35. Rbf2 Bd7 {[#] This position was investigated by
Kasparov and Timman. I think that White has a more clear solution here.} (35...
Bd6 36. Rf5 Bd7 37. Rg5 {Kasparov}) 36. Bg7 $1 (36. Kh2 {/\Be2} Qd6 (36... Bc8
$5 37. Qg5 (37. Be2 d3 38. Bh5 Bxf2 39. Rxf2 Qf7 {Timman}) 37... Qd7 38. Be2 d3
39. Bh5 Bxf2 40. Rxf2 (40. Bxg6 $2 Qg4) 40... Qf7 41. Bxe5 Qe7 $1 42. Rxf8+
Kxf8 43. Bf6 Qxe4 $13 {Timman NIC 5/1987}) 37. Qg5 a4 (37... Rf7 {! Timman} 38.
Be2 d3 39. Bh5 Bxf2 40. Bxg6 $1 (40. Rxf2 Ref8 $1 41. Bxg6 (41. Bxe5 Qe7) 41...
Rxf6 42. Bh5+ (42. Bxh7+ Kf7) 42... Rg6 {Timman}) 40... Qxf6 (40... Rxf6 41.
Bxh7+ $1) 41. Bxf7+ Kxf7 42. Rxf2 Qxf2 43. Qg7# {Kasparov, Termeulen}) 38. Be2
$1 d3 39. Bh5 Bxf2 40. Rxf2 Rxf6 41. Rxf6 Qe7 42. Bxg6 $1 hxg6 43. Rxg6+ Kh8
44. Rg8+ $1 Rxg8 45. Qxe7 d2 46. Qxe5+ Kh7 47. Qd4 $18 {Kasparov}) 36... Rf4 (
36... Rxf2 37. Qxf2 Bc8 38. d6 $1 Bxd6 39. c5 $18) 37. Rxf4 exf4 38. Rxf4 Bd6
39. e5 $1 Rxe5 (39... Bxe5 40. Rf8+ $1 Rxf8 41. Bxe5 $18 {/\ 42.Bg6}) 40. Rf8+
$1 Bxf8 41. Bxe5 Qd8 42. Bxg6 Bxh6 43. Bxh7+ $1 Kxh7 44. Qd3+ Kg8 45. Qg6+ $18)
32... g5 33. Bxg5 $1 {[#] To take or not to take?} fxg5 $2 (33... Kf7 $1 34.
Bd2 {+/- Kasparov} Rg8 35. Qh4 Ke7 {35...Be8} 36. g4 Be8 $1 37. g5 fxg5 38.
Bxg5+ Kd7 39. Kh1 Bf7 {/\ Qd6, a4-a3}) 34. Qxg5+ Kf8 {[#] But this is a
critical moment of the game! Unfortunately, Kasparov was in a time-trouble (as
a result of long considerations at move 18th) and spoilt a nice game.} (34...
Kh8 $2 35. Qf6+ Kg8 36. Rf3 $18) 35. Qf6+ $4 (35. f6 $1 {/\ 36.f7} Qf7 36. Qxe5
Re8 (36... Qg6 37. Rxb6 $1 Qxh6 38. Qe7+ $3 Bxe7 39. fxe7+ Kxe7 40. Rxh6 $18 {
Kasparov}) (36... Bd7 37. Rxb6 $1 (37. Qg5 $6 Qg6 38. Qxg6 hxg6 39. e5 Bf5 40.
e6 Kg8 (40... Bxd3 $4 41. h7 $18) 41. Bxf5 gxf5 42. Rxf5 Rdb8 $5 {/\ a4-a3})
37... Bxb6 (37... Re8 38. Re6 Bxe6 39. dxe6 Rxe6 40. Qxc5+ $18) 38. Qd6+ Kg8
39. Qxb6 {/\ e5-e6} Kh8 (39... a4 40. e5 Re8 41. Qxd4 a3 42. e6 $18) (39... Re8
40. Qxd4 $18) 40. e5 Rg8 41. Qxd4 (41. e6 $2 Rxg2+ 42. Kxg2 Rg8+) 41... Rg4 42.
Rf4 Rag8 43. Rxg4 Rxg4 44. e6 $1 Bxe6 45. dxe6 Rxd4 46. exf7 Rd8 47. c5 Rf8 48.
Bc4 a4 49. c6 a3 50. c7 $18) 37. Qg5 Qg6 38. Rf5 $1 Bd7 (38... Qxg5 39. Rxg5
Kf7 40. e5 Rg8 41. Rg7+ Rxg7 42. fxg7 $1 Kg8 43. Rf2 Bd7 (43... Be8 44. Rf8+ $1
Bxf8 45. Bxh7+ {Kasparov}) 44. e6 Ba4 45. d6 $1 Bxd6 46. e7 $1 Bxe7 47. Bf5 $1
Kf7 48. Bxh7+ Bf6 49. g8=Q+ Rxg8 50. Bxg8+ Kxg8 51. Rxf6 $18 {Kasparov}) (38...
Ra7 39. e5 Rxe5 40. Rxe5 Qxd3 41. f7 $18) 39. Qxg6 hxg6 40. Rg5 Kf7 $5 (40...
a4 41. e5 a3 42. h7 $1 {Kasparov}) 41. e5 Rxe5 42. Rxe5 Kxf6 43. Rbe2 a4 (43...
Bf5 44. Re8 {Kasparov}) (43... Rh8 44. Re6+ Bxe6 45. Rxe6+ Kg5 46. Rxg6+ Kh5 (
46... Kf4 47. Kf2 $1 $18 {Kasparov}) 47. Kh2 $1 $18 {Kasparov}) 44. d6 $1 {
Kasparov} (44. Re6+ $6 Bxe6 45. Rxe6+ Kf7 46. Bxg6+ Kg8 $1 47. d6 d3+ $10 {
Kasparov}) (44. g4 $5 Bxg4 (44... a3 45. g5+ Kf7 46. d6 $1 Bxd6 47. Rd5 a2 48.
Rxa2 $18 {Kasparov}) 45. Re8 Ra7 46. Rh2 $1 (46. R8e6+ {46.R2e6} Bxe6 47. Rxe6+
Kg5 48. Rxg6+ Kh5 $1 (48... Kf4 49. Rg7 Ra8 50. h7 $18 {Kasparov}) 49. Rg7 Re7
$1 50. Rxe7 Bxe7 51. h7 Bf6 52. d6 Kh6 53. d7 Kg7 $10 {Timman}) 46... Rh7 47.
Rg2 Bf5 48. Re6+ Bxe6 49. Rxg6+ Kf7 50. Rxe6 Rh8 51. Bg6+ Kg8 52. d6 d3+ $5 (
52... Bxd6 53. h7+ Kg7 54. Rxd6 a3 55. Bb1 $18 Ra8 56. Ba2 $18 Rb8 57. Rd7+ Kh8
58. Rxd4 b5 59. c5 b4 60. c6 Kxh7 61. Rxb4 Rxb4 62. c7 $18 {Schonthier,F NIC 5/
1987}) 53. Kf1 Bxd6 54. h7+ (54. Rxd6 Rxh6 55. Rd8+ Kg7 56. Bxd3 Rh1+ {[#]} 57.
Kf2 $1 (57. Ke2 $2 a3) (57. Kg2 Rd1 $10) 57... a3 58. Bf1 $16) 54... Kg7 55.
Rxd6 a3 56. Bxd3 Ra8 $1 57. Rg6+ $1 Kh8 58. Rg8+ Rxg8 59. hxg8=Q+ Kxg8 60. Bb1
Kf8 61. Ke2 Ke7 62. Kd3 Kd6 (62... Kd7 63. Kc3 Kc6 64. Kb4 Kd6 65. Ba2 Kc6 66.
Bb3 Kd6 67. Kxa3 Kc5 68. Ka4 $18) 63. Kd4 $1 (63. Kc3 $2 a2 $1 64. Bxa2 Kc5 $10
) 63... Kc6 64. Ba2 Kd6 65. Bb3 Kc6 66. Ba4+ Kd6 67. Kc3 $18) 44... a3 (44...
Rh8 45. g4 Bxg4 46. Re8 Rxh6 47. Rf2+ Kg7 48. Re7+ (48. Ref8 $1 Bf5 (48... Be6
49. d7 $18) (48... Rh3 49. R2f7+ Kh6 50. Rh8+ Kg5 51. Rxh3 Bxh3 52. d7 $18) 49.
d7 Be7 50. Re8 $18) 48... Kg8 49. Rf6 a3 50. Ra7 $18 {Kasparov}) 45. g4 Bxg4 (
45... a2 46. g5+ Kf7 47. Re7+ {/\ 48.Ra2+- Kasparov}) 46. Re8 Ra7 47. R8e7 Rxe7
48. dxe7 $18 {Kasparov}) 35... Ke8 36. Ra1 {[#] White's attack looks dangerous,
but...} Qe7 $3 $17 37. Qe6 $6 {!? Kasparov} (37. Qxe7+ Kxe7 38. Rxa4 Rd6 $17 {
Kasparov} (38... Rg8 39. Kh2 Raf8 40. g3 Rf6 {-see 38...Rd6}) 39. g3 Rg8 (39...
Rxh6 40. Rh2) 40. Kg2 Rxh6 41. Ra1 (41. Rb3 Rh4) 41... Rh5 42. Rf2 Rhg5 43. Rf3
h5 $17) 37... Rd6 $1 (37... Qxe6 $2 38. fxe6 Bd7 39. exd7+ Rxd7 40. Rf2 $10)
38. Qg8+ Qf8 39. Qg3 Qxh6 $1 40. Rxa4 $4 (40. Re2 Bb3 $1 $17 {/\ Bc4 Kasparov}
(40... Bd7 $6 41. Qxe5+ Kf7 42. Qg3 Rg8 43. Qf3 $132) (40... Kf7 $5 41. Rxa4
Rg8 $40)) (40. Rf2 Kf7 $5 41. Rxa4 Rg8 $5 (41... Qc1+ 42. Rf1 Qe3+ 43. Qxe3
dxe3 $17) 42. Qxe5 Qh5 $5 $40 {/\ Rh6; Qd1}) 40... Qc1+ 41. Kf2 Qxb2+ 42. Kf3
Kf7 {Yusupov} 0-1

[Event "Horgen"]
[Site "Horgen"]
[Date "1995.10.26"]
[Round "6"]
[White "Ehlvest, Jaan"]
[Black "Jussupow, Artur"]
[Result "1/2-1/2"]
[WhiteElo "2630"]
[BlackElo "2680"]
[Annotator "Jussupow,A"]
[PlyCount "43"]
[EventDate "1995.10.??"]
[EventType "tourn"]
[EventRounds "11"]
[EventCountry "SUI"]
[EventCategory "17"]
[SourceTitle "CBM 050"]
[Source "ChessBase"]
[SourceDate "1996.02.01"]
[SourceVersion "1"]
[SourceVersionDate "1996.02.01"]
[SourceQuality "1"]

1. d4 {Botvinnik Ehlvest} Nf6 2. c4 e6 3. Nf3 Bb4+ 4. Nc3 O-O (4... b6 5. Bg5 {
-E13}) (4... Ne4) (4... c5) (4... Bxc3+) (4... Nc6 5. Qc2 (5. a3 Bxc3+ 6. bxc3
d6 7. Bg5 h6 8. Bh4 g5 9. Bg3 Ne4 10. Nd2 Nxd2 11. Qxd2 f5 12. f3 Qf6 13. e3
$14 {Kozomora-Janoshevic/Yugoslavia/ch/1951/ECO}) 5... O-O (5... d6 $142 {
Botvinnik}) 6. Bg5 Re8 (6... h6 7. Bh4 g5 $6 8. Bg3 g4 9. Nd2 Nxd4 10. Qd3 $40
{Botvinnik}) 7. e3 (7. e4 e5 8. d5 Nd4 9. Qd3 c5 {Botvinnik}) 7... d6 8. Be2 e5
9. O-O {/\Nd5} Bxc3 10. bxc3 (10. Qxc3 Ne4 $1) 10... h6 (10... Bg4 11. Nxe5
Nxe5 12. dxe5 Bxe2 13. Bxf6 gxf6 14. Qxe2 fxe5 15. c5 $16 dxc5 $140 16. Qg4+
Kh8 17. Rad1 {/\Rd7/Botvinnik}) 11. Bh4 Qe7 (11... g5 $142 12. Bg3 Nh5 {
Botvinnik}) 12. Rae1 (12. h3) 12... Bd7 (12... g5 $5) 13. Nd2 {/\f4} g5 14. Bg3
Kg7 15. f4 e4 16. h3 $16 {Botvinnik-Kan/Moscow/1936}) (4... d6 5. Bg5 (5. Qb3
a5 6. g3 Nc6 7. Bg2 {(Bronstein-Boleslavsky/m/1950)} a4 $1 8. Qc2 a3 9. bxa3
$10 {ECO} (9. b3 $6 Ne4 $15 {ECO})) (5. g3 Bxc3+ (5... O-O 6. Bg2 Bxc3+ 7. bxc3
Nc6 8. O-O Na5 9. Nd2 Rb8 10. c5 b6 11. Qa4 Bd7 12. Qa3 dxc5 13. dxc5 Bc6 $15 {
Zvjaginsev-Cerisier/Capelle la Grande/1993}) 6. bxc3 b6 7. Bg2 Bb7 8. O-O O-O
9. a4 Be4 10. Ba3 c5 $1 11. Nd2 Bxg2 12. Kxg2 Nc6 $10 {Pinter-Lein/Hastings/
1980/81/ECO}) (5. e3 {-E40/1/(1)}) 5... h6 (5... Nbd7 6. e3 h6 (6... b6 7. Bd3
Bb7 8. O-O Bxc3 9. bxc3 h6 10. Bh4 g5 11. Bg3 Rg8 12. Qe2 Qe7 13. e4 e5 14. c5
Kf8 $13 {Campos,MJ-Damjanovic/Zaragosa/1995}) 7. Bh4 Bxc3+ 8. bxc3 b6 9. Nd2
Bb7 10. f3 Qe7 11. Bd3 e5 12. e4 Nf8 13. Bf2 Ne6 14. g3 $14 {Borisenko-Kotov/
USSR/ch/Moscow/1955}) 6. Bh4 Qe7 7. e3 Nbd7 8. Be2 Bxc3+ $1 9. bxc3 b6 (9... e5
10. O-O b6 11. Qa4 O-O 12. c5 bxc5 13. dxe5 Nxe5 14. Nxe5 Qxe5 15. Bf3 $16 {
Ubilava-Bronstein/Tbilisi/1980/-30/643/ECO}) 10. Nd2 Bb7 11. Bf3 Bxf3 12. Qxf3
O-O 13. Qc6 $14 {Rashkovsky-Bronstein/USSR/1982/-33/660}) 5. Bg5 d6 (5... c5 {
-E21/2}) (5... h6 6. Bh4 d6 (6... c5 {-E21/1}) 7. e3 Nbd7 8. Be2 e5 9. O-O Bxc3
10. bxc3 Re8 11. Nd2 {(Byrne-Pomar/Montilla/1976/-22/653)} b6 $14 {/\Bb7/ECO})
6. e3 {This calm sistem is more dangerous for Black than it looks. Botvinnik
had good results with this set up.} (6. e4 h6 (6... e5)) 6... Nbd7 (6... Qe7 7.
Be2 e5 8. Qc2 (8. O-O Bxc3 9. bxc3 h6 10. Bh4 g5 11. Bg3 Ne4 $10 {Botvinnik})
8... Re8 9. O-O Bxc3 10. bxc3 (10. Qxc3 Ne4 $1) 10... h6 11. Bh4 c5 (11... g5
$142 12. Bg3 Nh5 {Botvinnik}) 12. Rae1 {/\Nd2,f2-f4} Bg4 13. Bxf6 $1 (13. Nd2
$2 Bxe2 14. Rxe2 exd4 15. cxd4 cxd4) 13... Qxf6 14. Qe4 Bxf3 (14... Bc8 15. Nd2
Nc6 (15... Qd8 16. dxc5 dxc5 17. Rd1) 16. f4 Bf5 17. fxe5 $16 {Botvinnik}) (
14... Bf5 $142 15. Qxb7 Nd7 {Botvinnik}) 15. Bxf3 Nc6 16. dxc5 dxc5 17. Rd1
Rad8 18. Rd5 b6 (18... Rxd5 19. cxd5 Ne7 (19... Nd8 20. Qa4) 20. d6 Qxd6 21.
Qxb7 $16 {Botvinnik}) (18... Qe7 19. Rfd1 g6 20. g4 $1 $14 {Botvinnik}) 19.
Rfd1 Na5 20. h3 Rxd5 21. Rxd5 Qe7 22. Bg4 $16 {Botvinnik-Chekhover/Leningrad/
1938}) 7. Be2 (7. Bd3 e5 (7... Bxc3+ 8. bxc3 h6 9. h4 Qe8 10. Qc2 e5 11. Bf5
Kh8 12. Bxf6 Nxf6 13. Nd2 Qc6 $132 {Wells-Franklin/London/1989})) (7. Qc2 {
-E32/6}) (7. Rc1 c5 8. Be2 b6 9. O-O Bxc3 10. Rxc3 Qc7 11. Rc1 Bb7 12. Qc2 Ne4
13. Bh4 f5 $15 {Gostisa-Bönsch/Lippstadt/1994/CBM43}) 7... Bxc3+ (7... e5) (
7... b6) (7... h6 8. Bh4 b6 9. Nd2 c5 (9... Bxc3) 10. Bf3 Rb8 11. Rc1 cxd4 12.
exd4 e5 13. Nd5 Bxd2+ 14. Qxd2 g5 15. Bg3 Nxd5 16. Bxd5 Bb7 17. h4 $36 {
Campos-Kurajica/Ibercaja/1994}) 8. bxc3 b6 9. O-O Bb7 (9... h6 10. Bh4 g5 11.
Bg3 Ne4 $5) 10. Nd2 e5 11. Qc2 (11. f4 exd4 $132) 11... Qe7 12. Rae1 h6 $1 (
12... Rae8 13. Bg4 $1 $16) 13. Bh4 Rae8 (13... Rfe8 14. f3 Nf8 15. Bd3 $14) 14.
f3 (14. Bg4 g5) 14... exd4 (14... g5) 15. exd4 Qd8 {I offered a draw here, but
my opponent correctly refused.} 16. Bd3 Rxe1 17. Rxe1 Re8 18. Ne4 (18. Rb1 $1
$14 {/\Nf1/Ehlvest/ It is important to keep as many pieses as possible.}) 18...
Qc8 $5 (18... g5 $5 19. Bg3 (19. Nxf6+ Nxf6 20. Rxe8+ Qxe8 21. Bf2 $10) 19...
Nxe4 20. fxe4 Nf6 $10 21. e5 $140 Nh5) 19. Qd2 (19. Nxf6+ Nxf6 20. Rxe8+ Qxe8
21. Bxf6 Qe1+ 22. Bf1 gxf6 $15) (19. Bxf6 Bxe4 $1) 19... Nxe4 20. fxe4 Nf8 21.
Qf2 Qd7 22. Bg3 (22. Bg3 f6 $1 23. Bc2 $13) 1/2-1/2

[Event "Paris-ch 92nd"]
[Site "Paris"]
[Date "2017.07.15"]
[Round "2"]
[White "Kambrath, Yannick"]
[Black "Sochacki, Christophe"]
[Result "1-0"]
[WhiteElo "2312"]
[BlackElo "2451"]
[Annotator "Kambrath,Y"]
[PlyCount "113"]
[EventDate "2017.07.14"]
[EventType "swiss"]
[EventRounds "9"]
[EventCountry "FRA"]
[SourceTitle "CBM 180"]
[Source "ChessBase"]
[SourceDate "2017.09.13"]
[SourceVersion "1"]
[SourceVersionDate "2017.09.13"]
[SourceQuality "1"]

1. d4 Nf6 2. c4 e6 3. Nf3 b6 4. a3 Bb7 5. Nc3 d5 6. Bg5 Be7 7. Qa4+ Bc6 $5 (
7... c6 8. Bxf6 Bxf6 9. cxd5 exd5 10. g3 O-O 11. Bg2 $14) (7... Qd7 8. Qc2 dxc4
9. e3 Bxf3 10. gxf3 b5 {is very double-edged.}) 8. Qb3 ({After} 8. Qc2 {
Black can take on c4 and defend the pawn with b5.} dxc4 9. e3 b5) 8... dxc4 9.
Qxc4 O-O 10. e3 (10. Bxf6 $5 Bxf6 11. e4 Bb7 12. Rd1 {[%csl Yd4,Ye4] White has
a strong centre.}) 10... a6 11. Be2 Bb7 12. O-O Nbd7 13. Rfd1 (13. b4 c5 14.
bxc5 bxc5 15. Rab1 Bd5 16. Nxd5 exd5 17. Qc2 c4 $13) 13... b5 14. Qa2 Nd5 15.
Bxe7 Qxe7 $11 16. a4 $6 {Forcing the change of the position.} (16. Rac1 $11)
16... b4 17. Nxd5 Bxd5 18. Bc4 Bxf3 19. gxf3 Qg5+ {The lone queen cannot do
much damage to White.} ({I was more afraid of} 19... c5 20. Be2 (20. a5 $5)
20... a5 $15) 20. Kh1 Qh5 21. Be2 Qh4 22. Kg1 Qg5+ 23. Kh1 Qh4 24. Kg1 Qg5+ 25.
Kh1 Qh4 26. Kg2 $11 Nb6 $6 {Black decided to continue playing a double-edged
position.} 27. Rac1 {[%csl Yc7][%cal Yc1c5,Yd1c1,Yb6d5]} Nd5 28. Rc5 Kh8 $2 {
This move is not necessary.} (28... a5 29. Bc4 c6 30. Qb3 $1 {bringing the
queen back into the game} (30. Rxc6 Ne7 31. Rc5 Rfc8 $11 {with sufficient
compensation for the pawn}) 30... Rfd8 31. Qc2 $14) 29. Bc4 $14 {White will
exchange Black's knight that is protecting the c7-weakness.} Rad8 30. Qb3 $6 (
30. Bxd5 Qg5+ 31. Kf1 exd5 32. Ke2 Rfe8 $16 33. Qb3 Qh5 34. Rxc7 $16) 30... Rd6
$6 (30... Qh5 31. Bxa6 Rd6 $14) 31. Bxd5 exd5 32. Rxd5 $16 {White's king is
going to hide on e2 and White's activity on the queenside will give him an
edge.} Rh6 33. Kf1 Rb8 (33... Rf6) 34. Ke2 Rf6 35. Rc1 (35. Rd7 $2 Rxf3 $1 36.
Kxf3 Qh3+ 37. Ke2 Qxd7 $14) (35. Qxb4 $6 Rfb6 36. Qc3 Rxb2+ 37. Rd2 R2b7 $14)
35... Qxh2 36. Re5 {[%cal Ye5e8,Yc1c7]} Qh3 37. Qd5 $1 {White centralises his
pieces.} g6 38. Rxc7 Kg7 39. Ree7 Rf8 40. Qe4 h5 41. d5 h4 42. Qg4 Qxg4 43.
fxg4 h3 44. Rc1 (44. e4 $2 h2 45. Rc1 Rc8 46. Rh1 Rc2+ $19) 44... Rd8 45. e4 h2
46. Rh1 Rc8 47. Rxh2 $18 {[%csl Yd5][%cal Yd5d8] The e- and d-pawns will score
for White.} Rc2+ 48. Ke3 Rxb2 49. e5 Rb3+ 50. Ke4 Rff3 51. e6 g5 52. Rb7 Rf4+
53. Ke5 Rb1 54. Rh3 Rc1 55. e7 Rc8 56. Kd6 Rxf2 57. Kd7 1-0